<?xml version="1.0" encoding="UTF-8"?><?xml-stylesheet type="text/xsl" href="static/style.xsl"?><OAI-PMH xmlns="http://www.openarchives.org/OAI/2.0/" xmlns:xsi="http://www.w3.org/2001/XMLSchema-instance" xsi:schemaLocation="http://www.openarchives.org/OAI/2.0/ http://www.openarchives.org/OAI/2.0/OAI-PMH.xsd"><responseDate>2026-06-04T03:30:27Z</responseDate><request verb="GetRecord" identifier="oai:riubu.ubu.es:10259/7786" metadataPrefix="marc">https://riubu.ubu.es/oai/request</request><GetRecord><record><header><identifier>oai:riubu.ubu.es:10259/7786</identifier><datestamp>2024-05-17T10:57:47Z</datestamp><setSpec>com_10259_2699</setSpec><setSpec>col_10259_5732</setSpec></header><metadata><record xmlns="http://www.loc.gov/MARC21/slim" xmlns:doc="http://www.lyncode.com/xoai" xmlns:xsi="http://www.w3.org/2001/XMLSchema-instance" xmlns:dcterms="http://purl.org/dc/terms/" xsi:schemaLocation="http://www.loc.gov/MARC21/slim http://www.loc.gov/standards/marcxml/schema/MARC21slim.xsd">
<leader>00925njm 22002777a 4500</leader>
<datafield tag="042" ind1=" " ind2=" ">
<subfield code="a">dc</subfield>
</datafield>
<datafield tag="720" ind1=" " ind2=" ">
<subfield code="a">Febres Eguiguren, Juan Diego</subfield>
<subfield code="e">author</subfield>
</datafield>
<datafield tag="260" ind1=" " ind2=" ">
<subfield code="c">2021</subfield>
</datafield>
<datafield tag="520" ind1=" " ind2=" ">
<subfield code="a">Las lesiones y muertes causadas por los accidentes de tráfico se han convertido en un problema de&#xd;
salud pública a nivel mundial, de tal magnitud que han estado presentes en las estadísticas de la&#xd;
Organización Mundial de la Salud (OMS) y de varios organismos alrededor del mundo entre las diez&#xd;
primeras causas de fallecimiento por más de una década. Es por ello que la Organización de las&#xd;
Naciones Unidas (ONU) ha incluido entre sus objetivos de desarrollo sostenible (ODS) la meta de&#xd;
reducir sus impactos a la mitad hasta 2030. A este objetivo se han unido varias organizaciones&#xd;
internacionales como la Unión Europea, el Gobierno de España y la Dirección General de Tráfico (DGT).&#xd;
Si bien es cierto, la minería de datos y el aprendizaje vienen desarrollándose desde hace ya mucho&#xd;
tiempo, la aparición del paradigma del “Big Data” ha introducido una nueva revolución en estos&#xd;
procesos de minería de datos y aprendizaje. Es así, que la aplicación sistemática de diferentes técnicas&#xd;
en la modelización de distintas ramas de la ciencia, como el estudio de la seguridad vial, son&#xd;
relativamente nuevas, siendo también cierto que los aportes científicos parecen ser muy&#xd;
prometedores conforme se avanza en la aplicación a las diferentes ramas de estudio, debido a la&#xd;
progresiva digitalización y estandarización de los datos recogidos en dichas disciplinas, permitiendo la&#xd;
aplicación de estas técnicas de análisis y modelización que antes no podían utilizarse.&#xd;
Esta Tesis Doctoral modeliza la lesividad de los accidentes de tráfico en España, utilizando Redes&#xd;
Bayesianas para aprender la dependencia estadística entre las variables relacionadas con los factores&#xd;
humanos y técnicos que tienen lugar en el momento del accidente, realizando también experimentos&#xd;
que analizan la sensibilidad de la lesividad a los diferentes factores considerados en cada modelo, lo&#xd;
que permite identificar aquellos más valiosos, en términos probabilísticos, los cuales incrementan o&#xd;
reducen el grado de lesividad. El aporte metodológico de esta tesis es sólido, pues deja entrever en&#xd;
sus aportes científicos la bondad del aprendizaje de los algoritmos de redes bayesianas en el&#xd;
tratamiento de datos de los accidentes de tráfico, así como la robustez de los modelos planteados a&#xd;
través del método de validación aplicado, siendo este la validación cruzada, la cual sigue un esquema&#xd;
10-fold.&#xd;
El aporte específico de esta tesis se centra en las cinco contribuciones científicas realizadas sobre el&#xd;
estudio de la lesividad en los accidentes de tráfico en España, utilizando para ello la modelización a&#xd;
través de redes bayesianas. Estas contribuciones de forma general abordan, pero no se limitan, a: (i)&#xd;
un modelo que estudia la lesividad de los conductores en los accidentes de tráfico basados en el&#xd;
propósito del viaje, (ii) un modelo que analiza la lesividad de los conductores en los accidentes de&#xd;
tráfico según el uso de equipos de protección personal, (iii) un modelo para el análisis de la lesividad&#xd;
general de los usuarios de la vías a través del comportamiento inseguro de los conductores no&#xd;
alineados con las normas regulatorias de tráfico, (iv) un modelo que estudia la lesividad de los&#xd;
peatones basados en su comportamiento durante los accidentes de tráfico, (v) un modelo que estudia&#xd;
la lesividad general de los usuarios de las vías a través de las infracciones causadas por la conducción&#xd;
distraída de base tecnológica.</subfield>
</datafield>
<datafield tag="024" ind2=" " ind1="8">
<subfield code="a">http://hdl.handle.net/10259/7786</subfield>
</datafield>
<datafield tag="024" ind2=" " ind1="8">
<subfield code="a">10.36443/10259/7786</subfield>
</datafield>
<datafield ind1=" " ind2=" " tag="653">
<subfield code="a">Accidentes de tráfico</subfield>
</datafield>
<datafield ind1=" " ind2=" " tag="653">
<subfield code="a">Análisis de datos</subfield>
</datafield>
<datafield ind1=" " ind2=" " tag="653">
<subfield code="a">Redes bayesianas</subfield>
</datafield>
<datafield ind1=" " ind2=" " tag="653">
<subfield code="a">Lesividad de usuarios de las vías</subfield>
</datafield>
<datafield ind1=" " ind2=" " tag="653">
<subfield code="a">Modelización</subfield>
</datafield>
<datafield ind1=" " ind2=" " tag="653">
<subfield code="a">Aprendizaje automatizado</subfield>
</datafield>
<datafield ind1=" " ind2=" " tag="653">
<subfield code="a">Traffic accidents</subfield>
</datafield>
<datafield ind1=" " ind2=" " tag="653">
<subfield code="a">Data analysis</subfield>
</datafield>
<datafield ind1=" " ind2=" " tag="653">
<subfield code="a">Bayesian networks</subfield>
</datafield>
<datafield ind1=" " ind2=" " tag="653">
<subfield code="a">Road traffic injuries</subfield>
</datafield>
<datafield ind1=" " ind2=" " tag="653">
<subfield code="a">Modeling</subfield>
</datafield>
<datafield ind1=" " ind2=" " tag="653">
<subfield code="a">Machine learning</subfield>
</datafield>
<datafield tag="245" ind1="0" ind2="0">
<subfield code="a">Estudio de la lesividad de los accidentes de tráfico en España: modelización de los factores técnicos y humanos</subfield>
</datafield>
</record></metadata></record></GetRecord></OAI-PMH>